[Event "USCL Week 2"]
[Site "Internet Chess Club"]
[Date "2015.09.01"]
[Round "?"]
[White "Becerra, Julio"]
[Black "Korley, Kassa"]
[Result "1-0"]
[WhiteElo "2616"]
[BlackElo "2485"]
[PlyCount "41"]
[EventDate "2015.??.??"]

1. e4 d6 2. d4 Nf6 3. Nc3 e5 4. dxe5 dxe5 5. Qxd8+ Kxd8 6. Bc4 Be6 7. Bxe6 fxe6
8. f3 Bc5 9. Nh3 a6 10. Nf2 Nc6 11. Nd3 Ba7 12. Bg5 Ke8 13. Bh4 Nh5 14. Ne2 Rf8
15. Rd1 h6 16. c3 g5 17. Bf2 Bxf2+ 18. Nxf2 Nf6 19. h4 Kf7 20. Ng4 Rad8 21.
Rxd8 1-0

[Event "USCL Week 2"]
[Site "Internet Chess Club"]
[Date "2015.09.01"]
[Round "?"]
[White "Izoria, Zviad"]
[Black "Dlugy, Maxim"]
[Result "1/2-1/2"]
[WhiteElo "2638"]
[BlackElo "2613"]
[PlyCount "68"]
[EventDate "2015.??.??"]

1. e4 d5 2. exd5 Qxd5 3. Nc3 Qd6 4. d4 c6 5. Nf3 Bg4 6. h3 Bxf3 7. Qxf3 Qxd4 8.
Be3 Qd8 9. Rd1 Nd7 10. Bc4 Ngf6 11. O-O e6 12. Rfe1 Be7 13. Qg3 O-O 14. Bh6 Ne8
15. Rxe6 Kh8 16. Bxg7+ Nxg7 17. Rh6 Nf5 18. Rxh7+ Kxh7 19. Bd3 Qa5 20. Qf4 Kg7
21. Bxf5 Ne5 22. Nd5 cxd5 23. Qxe5+ Bf6 24. Qg3+ Kh8 25. Qf4 Kg7 26. Qg3+ Kh6
27. Qf4+ Bg5 28. Qd6+ Kg7 29. Qg3 Kh6 30. Qd6+ Kg7 31. Qg3 Kh6 32. Qd6+ Kg7 33.
Qg3 Kh6 34. Qd6+ Kg7 1/2-1/2

[Event "USCL Week 2"]
[Site "Internet Chess Club"]
[Date "2015.09.01"]
[Round "?"]
[White "Bolat, Ahmet"]
[Black "Garcia, Erick"]
[Result "0-1"]
[WhiteElo "2380"]
[BlackElo "2329"]
[PlyCount "110"]
[EventDate "2015.??.??"]

1. e4 c6 2. Nc3 d5 3. Nf3 e6 4. d4 Nf6 5. Bd3 Be7 6. O-O b6 7. e5 Nfd7 8. Ne2
Ba6 9. a4 Bxd3 10. Qxd3 c5 11. c4 Nc6 12. cxd5 Nb4 13. Qe4 Nxd5 14. Nc3 Nxc3
15. bxc3 cxd4 16. cxd4 O-O 17. Bd2 Rb8 18. Rfc1 a6 19. Rc6 b5 20. Rxa6 bxa4 21.
R6xa4 Nb6 22. Ra7 Nd5 23. h4 h6 24. Qg4 Kh7 25. Qh5 Rb2 26. Bc1 Rc2 27. Bg5 Rc7
28. Ra8 Rc8 29. R8a7 Rc7 30. Ra8 Rc8 31. Rxc8 Qxc8 32. Ra7 Bxg5 33. Nxg5+ Kg8
34. Rxf7 hxg5 35. Rxf8+ Qxf8 36. hxg5 Qc8 37. Kh2 Qf8 38. Kg1 Nf4 39. Qg4 Qf5
40. Qxf5 exf5 41. Kf1 Kf7 42. g3 Nd5 43. Ke2 Ke6 44. f4 Ne7 45. Kf3 Kd5 46. g6
Kxd4 47. g4 fxg4+ 48. Kxg4 Ke4 49. Kg5 Nf5 50. Kg4 Nd4 51. e6 Nf5 52. Kg5 Ne7
53. Kg4 Kd5 54. f5 Ke5 55. Kg5 Nxf5 0-1

[Event "USCL Week 2"]
[Site "Internet Chess Club"]
[Date "2015.09.01"]
[Round "?"]
[White "Leon, Isaac"]
[Black "Shmelov, Denys"]
[Result "1/2-1/2"]
[WhiteElo "2278"]
[BlackElo "2444"]
[PlyCount "76"]
[EventDate "2015.??.??"]

1. d4 Nf6 2. Nf3 g6 3. c4 Bg7 4. g3 O-O 5. Bg2 d5 6. cxd5 Nxd5 7. Nc3 Nb6 8.
O-O Nc6 9. e3 Re8 10. d5 Na5 11. Nd4 Bd7 12. b3 c6 13. dxc6 Nxc6 14. Nxc6 Qc8
15. Bb2 Bxc6 16. Rc1 Rd8 17. Qe2 Bxg2 18. Kxg2 Qe6 19. Rfd1 Rac8 20. Qf3 Rxd1
21. Qxd1 Qd7 22. Qxd7 Nxd7 23. Nd5 Rxc1 24. Bxc1 e6 25. Nf4 Nc5 26. f3 g5 27.
Ne2 Nd3 28. Bd2 h5 29. e4 g4 30. Nf4 Nxf4+ 31. gxf4 f5 32. fxg4 hxg4 33. exf5
exf5 34. h3 gxh3+ 35. Kxh3 Kf7 36. Kg3 Ke6 37. Kf3 Kd5 38. Ke3 a6 1/2-1/2

[Event "USCL Week 2"]
[Site "Internet Chess Club"]
[Date "2015.09.01"]
[Round "?"]
[White "Balakrishnan, Praveen"]
[Black "Katz, Alexander"]
[Result "0-1"]
[WhiteElo "2422"]
[BlackElo "2464"]
[PlyCount "66"]
[EventDate "2015.??.??"]

1. e4 d6 2. d4 Nf6 3. Nc3 g6 4. Be3 c6 5. Qd2 b5 6. Bd3 e5 7. dxe5 dxe5 8. Nf3
Qc7 9. h3 Nbd7 10. a4 b4 11. Ne2 Nc5 12. Bxc5 Bxc5 13. a5 Be6 14. O-O O-O 15.
Ng5 Qe7 16. Kh1 Rad8 17. b3 Bc8 18. f4 Nh5 19. fxe5 Qxe5 20. Nf3 Ng3+ 21. Nxg3
Qxg3 22. Rae1 f6 23. Qh6 Be6 24. e5 Bd5 25. Be4 fxe5 26. Ng5 Rd7 27. Bxd5+ cxd5
28. Rd1 Rf2 29. Rxf2 Qxf2 30. Ne6 Be3 31. Ng5 Qg3 32. h4 Bf4 33. Kg1 Rf7 0-1

[Event "USCL Week 2"]
[Site "Internet Chess Club"]
[Date "2015.09.01"]
[Round "?"]
[White "Balleisen, Aaron"]
[Black "Fonseca, Miguel"]
[Result "1-0"]
[WhiteElo "2282"]
[BlackElo "2067"]
[PlyCount "65"]
[EventDate "2015.??.??"]

1. d4 Nc6 2. Nf3 d6 3. g3 Nf6 4. Bg2 g6 5. b3 Bg7 6. Bb2 O-O 7. Nbd2 Re8 8. Nc4
Bd7 9. a4 Qc8 10. O-O Bh3 11. Re1 Bxg2 12. Kxg2 e6 13. e4 Nxe4 14. Rxe4 d5 15.
Re2 dxc4 16. bxc4 Na5 17. Qd3 c5 18. Bc3 b6 19. d5 Bxc3 20. Qxc3 exd5 21. Rxe8+
Qxe8 22. cxd5 Qd7 23. Rd1 Rd8 24. Qf6 Qd6 25. Qh4 Re8 26. Ng5 h5 27. Ne4 Qd8
28. Nf6+ Kf8 29. Qf4 Re2 30. Qh6+ Ke7 31. Qg5 Kf8 32. d6 Qa8+ 33. Kf1 1-0

[Event "USCL Week 2"]
[Site "Internet Chess Club"]
[Date "2015.09.01"]
[Round "?"]
[White "Hernandez-Camen, Angel"]
[Black "Perl, Joe"]
[Result "1-0"]
[WhiteElo "2220"]
[BlackElo "2097"]
[PlyCount "75"]
[EventDate "2015.??.??"]

1. e4 e5 2. Nf3 Nf6 3. Nxe5 d6 4. Nf3 Nxe4 5. Nc3 Nxc3 6. dxc3 Be7 7. Be3 Nc6
8. Qd2 Be6 9. O-O-O Qd7 10. Kb1 a6 11. h3 O-O-O 12. g4 Ne5 13. Be2 Nxf3 14.
Bxf3 Bf6 15. g5 Be5 16. Bg2 Qa4 17. Bd5 g6 18. h4 Qd7 19. Rde1 Qb5 20. Bxe6+
fxe6 21. h5 Qd7 22. f4 Bg7 23. h6 Bf8 24. Bf2 Rg8 25. Re2 Re8 26. Rhe1 d5 27.
Qd4 c5 28. Qf6 Bd6 29. Rxe6 Rxe6 30. Rxe6 Kc7 31. Rxd6 Qxd6 32. Qf7+ Kb6 33.
Qxg8 Qxf4 34. Qxh7 Qxf2 35. Qxg6+ Kb5 36. b3 d4 37. Qd3+ Ka5 38. h7 1-0

[Event "USCL Week 2"]
[Site "Internet Chess Club"]
[Date "2015.09.01"]
[Round "?"]
[White "Perelshteyn, Eugene"]
[Black "Gorman, Dov"]
[Result "1/2-1/2"]
[WhiteElo "2592"]
[BlackElo "2403"]
[PlyCount "90"]
[EventDate "2015.??.??"]

1. d4 d5 2. c4 e6 3. Nf3 Nf6 4. g3 dxc4 5. Qa4+ Nc6 6. Qxc4 Qd5 7. Qxd5 exd5 8.
a3 Bg4 9. Nbd2 O-O-O 10. Bg2 Bd6 11. O-O Rhe8 12. e3 a5 13. b3 h6 14. Bb2 g5
15. Rfc1 Bf5 16. Bf1 Ne4 17. Nxe4 Bxe4 18. Nd2 Bf5 19. Bb5 Bd7 20. Bc3 f5 21.
Bxc6 Bxc6 22. Bxa5 f4 23. Nf1 h5 24. a4 Bd7 25. Kg2 Kb8 26. Re1 Bh3+ 27. Kg1 h4
28. exf4 gxf4 29. Rxe8 Rxe8 30. Be1 Rg8 31. Rc1 Kc8 32. Rc3 Re8 33. Rc1 Kd7 34.
Nd2 Rg8 35. Nf3 hxg3 36. fxg3 fxg3 37. Bxg3 Bxg3 38. hxg3 Rxg3+ 39. Kf2 Rg2+
40. Ke3 Rb2 41. Ne5+ Kd6 42. Nf7+ Kd7 43. Ne5+ Kd6 44. Nf7+ Kd7 45. Ne5+ Kd6
1/2-1/2

[Event "USCL Week 2"]
[Site "Internet Chess Club"]
[Date "2015.09.01"]
[Round "?"]
[White "Shlionsky, Aaron"]
[Black "Arun, Siddharth"]
[Result "0-1"]
[WhiteElo "2232"]
[BlackElo "2228"]
[PlyCount "156"]
[EventDate "2015.??.??"]

1. e4 c6 2. d4 d5 3. Nd2 dxe4 4. Nxe4 Bf5 5. Ng3 Bg6 6. h4 h6 7. Nf3 Nd7 8. h5
Bh7 9. Bd3 Bxd3 10. Qxd3 e6 11. Bd2 Ngf6 12. O-O-O Be7 13. Kb1 O-O 14. Ne4 Nxe4
15. Qxe4 Nf6 16. Qe2 Qd5 17. Ne5 Qe4 18. Be3 Nd5 19. Nc4 Nxe3 20. fxe3 b5 21.
Nd2 Qd5 22. Nf3 Qe4 23. Nd2 Qd5 24. c3 e5 25. e4 Qe6 26. Rhe1 b4 27. d5 cxd5
28. exd5 Qxd5 29. c4 Qd7 30. Qxe5 Qd3+ 31. Ka1 Bf6 32. Qe4 Qd6 33. Qg4 Qa6 34.
Nb3 Rac8 35. c5 Qb5 36. Qd7 Qc4 37. Qd5 Qc2 38. Rb1 Qf2 39. Red1 a5 40. Qd2
Qxd2 41. Nxd2 Rxc5 42. g4 Re8 43. Nb3 Rb5 44. Rd7 a4 45. Nd4 Rg5 46. Nc6 a3 47.
Rf1 Rxg4 48. Rb7 Rf4 49. Rg1 Bxb2+ 50. Kb1 Bc3 51. Ne7+ Rxe7 52. Rxe7 Rf2 53.
Re8+ Kh7 54. Rc1 Rb2+ 55. Ka1 Rb3+ 56. Rxc3 Rxc3 57. Kb1 b3 58. Rb8 bxa2+ 59.
Kxa2 Rc5 60. Kxa3 Rxh5 61. Rb7 Rf5 62. Kb3 Kg6 63. Kc3 Kg5 64. Kd4 Kg4 65. Ke4
g5 66. Ke3 Rf3+ 67. Ke2 f5 68. Rb4+ f4 69. Ra4 Kg3 70. Ke1 g4 71. Ra5 Kg2 72.
Ra2+ Kg1 73. Ra5 Rg3 74. Rf5 f3 75. Rf6 h5 76. Rf4 h4 77. Rf5 h3 78. Rh5 f2+
0-1

[Event "USCL Week 2"]
[Site "Internet Chess Club"]
[Date "2015.09.01"]
[Round "?"]
[White "Yanovsky, Vlad"]
[Black "Bozkurt, Ilker"]
[Result "1-0"]
[WhiteElo "2229"]
[BlackElo "2393"]
[PlyCount "89"]
[EventDate "2015.??.??"]

1. e4 c5 2. Nf3 d6 3. d4 cxd4 4. Nxd4 Nf6 5. Nc3 a6 6. h3 e6 7. g4 b5 8. Bg2
Bb7 9. O-O b4 10. Nd5 exd5 11. exd5 Be7 12. Re1 O-O 13. Nf5 Re8 14. g5 Nfd7 15.
Qe2 Ne5 16. f4 Ng6 17. h4 Nd7 18. h5 Nge5 19. fxe5 Nxe5 20. Nxe7+ Rxe7 21. Bd2
Qc7 22. Qe4 a5 23. a3 Rae8 24. axb4 Nc4 25. Qd4 Nxd2 26. Qxd2 Qb6+ 27. Kh2 axb4
28. Rxe7 Rxe7 29. Ra4 h6 30. Rxb4 Qc7 31. gxh6 Re5 32. Bf3 Qe7 33. hxg7 Kxg7
34. Rg4+ Kh7 35. Qd3+ Kh8 36. Qd4 Kh7 37. Be4+ f5 38. Bd3 Bxd5 39. Qf4 Re2+ 40.
Kg1 Re1+ 41. Kf2 Be4 42. Bxe4 Qxe4 43. Qxe4 Rxe4 44. Rxe4 fxe4 45. b4 1-0

[Event "USCL Week 2"]
[Site "Internet Chess Club"]
[Date "2015.09.01"]
[Round "?"]
[White "Ivanov, Alexander"]
[Black "Benjamin, Joel"]
[Result "0-1"]
[WhiteElo "2628"]
[BlackElo "2629"]
[PlyCount "132"]
[EventDate "2015.??.??"]

1. e4 e5 2. Nf3 d6 3. d4 exd4 4. Nxd4 Nf6 5. Nc3 Be7 6. g3 d5 7. e5 Ng4 8. Bg2
O-O 9. Nxd5 Bc5 10. O-O c6 11. e6 fxe6 12. Qxg4 exd5 13. Qd1 Qf6 14. Be3 Nd7
15. b3 Kh8 16. h3 Qg6 17. Qg4 Qf7 18. Qe6 Nf6 19. Qxf7 Rxf7 20. f3 Bd7 21. Bf2
Nh5 22. c3 Bd6 23. Ne2 Re8 24. Rfe1 Rfe7 25. Kf1 c5 26. Rad1 Bb5 27. c4 dxc4
28. Nc3 Ba6 29. Rxd6 cxb3+ 30. Rxa6 Rxe1+ 31. Bxe1 bxa6 32. axb3 Rb8 33. Ne4
Rxb3 34. Nxc5 Rb1 35. Ke2 Rb2+ 36. Kf1 a5 37. f4 Rc2 38. Na4 Rc4 39. Nb2 Rc1
40. Nd3 Rb1 41. g4 Nf6 42. Bc6 Rb6 43. Ne5 Rb1 44. Ke2 Rb2+ 45. Bd2 a4 46. Bxa4
Ne4 47. Nc4 Rxd2+ 48. Nxd2 Nc3+ 49. Kd3 Nxa4 50. Kc4 Nb2+ 51. Kb5 Nd3 52. f5
Nf2 53. g5 Nxh3 54. Ne4 h6 55. gxh6 gxh6 56. Ng3 Nf4 57. Ka6 Kg7 58. Kxa7 Kf6
59. Kb6 Kg5 60. Kc5 Kg4 61. Ne4 Kxf5 62. Ng3+ Kg4 63. Ne4 Ne2 64. Kc4 Ng3 65.
Nf2+ Kf3 66. Nh3 Nh5 0-1

[Event "USCL Week 2"]
[Site "Internet Chess Club"]
[Date "2015.09.01"]
[Round "?"]
[White "Times, Lawyer"]
[Black "Jacobson, Brandon"]
[Result "1/2-1/2"]
[WhiteElo "2239"]
[BlackElo "2192"]
[PlyCount "211"]
[EventDate "2015.??.??"]

1. d4 Nf6 2. Nf3 g6 3. g3 Bg7 4. Bg2 O-O 5. O-O d5 6. c4 dxc4 7. Na3 c3 8. bxc3
c5 9. Re1 Nc6 10. Bb2 Bf5 11. d5 Na5 12. Nd2 Qb6 13. Qc1 c4 14. e4 Ng4 15. Rf1
Bd7 16. Naxc4 Nxc4 17. Nxc4 Qc5 18. Nd2 f5 19. h3 Ne5 20. Ba3 Qc8 21. Bxe7 Rf7
22. d6 f4 23. gxf4 Nd3 24. Qc2 Nxf4 25. Bf3 Nxh3+ 26. Kh1 Qxc3 27. Qxc3 Bxc3
28. e5 Bxd2 29. Bxb7 Rb8 30. Bd5 Nf4 31. Bxf7+ Kxf7 32. Rab1 Bc6+ 33. Kh2 Rxb1
34. Rxb1 Nd3 35. Rb8 Nxe5 36. Rc8 Bf4+ 37. Kg1 Ke6 38. Rc7 g5 39. Rxa7 h5 40.
Bd8 h4 41. Rh7 Bb5 42. Kg2 Be2 43. a4 Bf3+ 44. Kg1 Nf7 45. Bc7 Nxd6 46. a5 g4
47. Bxd6 Kxd6 48. Rxh4 Kc5 49. Rh5+ Kc6 50. Rf5 Bc7 51. Rf6+ Kb7 52. Rf7 Kc6
53. Rf6+ Kb5 54. Rf5+ Ka6 55. Kf1 Bxa5 56. Rg5 Bc7 57. Kg1 Kb6 58. Rg7 Kc6 59.
Rg6+ Kd5 60. Rg7 Be5 61. Rg8 Ke4 62. Re8 Kd4 63. Rd8+ Kc3 64. Rc8+ Kd3 65. Rd8+
Bd4 66. Rg8 Ke4 67. Re8+ Kf4 68. Rf8+ Kg5 69. Rg8+ Kh4 70. Rd8 Bf6 71. Rg8 Be5
72. Re8 Bf4 73. Rg8 Kh5 74. Rg7 Kh6 75. Rg8 Kh7 76. Rf8 Bh6 77. Rc8 Kg6 78. Rb8
Kf5 79. Rh8 Bg5 80. Rf8+ Ke5 81. Re8+ Kd4 82. Rg8 Bf4 83. Re8 Be5 84. Rg8 Ke4
85. Re8 Be2 86. Kg2 Bb5 87. Rg8 Kf4 88. Rf8+ Kg5 89. Rg8+ Kf5 90. Rf8+ Ke4 91.
Rf7 Bc6 92. Kg1 Bf4 93. Re7+ Kf3 94. Rf7 Bd5 95. Rf8 Ke4 96. Re8+ Kd4 97. Kf1
Bc4+ 98. Kg1 Bd3 99. Rd8+ Ke4 100. Re8+ Be5 101. Kg2 Kf4 102. Rf8+ Bf5 103. Rf7
Bd4 104. Rf8 Ke4 105. Re8+ Kd3 106. Kg3 1/2-1/2

[Event "USCL Week 2"]
[Site "Internet Chess Club"]
[Date "2015.09.01"]
[Round "?"]
[White "Ostrovskiy, Aleksandr"]
[Black "Harris, Ian"]
[Result "1-0"]
[WhiteElo "2476"]
[BlackElo "2346"]
[PlyCount "105"]
[EventDate "2015.??.??"]

1. e4 d5 2. exd5 Qxd5 3. Nf3 Bg4 4. Be2 Nc6 5. d4 O-O-O 6. Be3 e5 7. c4 Qa5+ 8.
Bd2 Bb4 9. d5 Bxf3 10. Bxf3 Nd4 11. Nc3 Qa6 12. b3 f5 13. O-O Qg6 14. Re1 Bd6
15. Bh5 Qf6 16. Ne2 c5 17. Nxd4 cxd4 18. c5 Bf8 19. d6 g6 20. Be2 Bh6 21. a4 e4
22. Bc4 Qe5 23. a5 Kb8 24. b4 Bxd2 25. Qxd2 Nf6 26. f4 e3 27. fxe5 exd2 28. Re2
Ne4 29. e6 d3 30. Bxd3 Nxd6 31. e7 Ne4 32. exd8=Q+ Rxd8 33. Bc2 Nc3 34. Bd1
Nxe2+ 35. Bxe2 Rd4 36. Rb1 Kc7 37. Kf2 f4 38. Bf3 Rc4 39. Rd1 Rxb4 40. Rxd2 Rb5
41. a6 bxa6 42. c6 h5 43. Rd7+ Kb8 44. Rg7 a5 45. Rxg6 a4 46. Rg8+ Kc7 47. Rg7+
Kb8 48. Rb7+ Rxb7 49. cxb7 h4 50. h3 a3 51. Bd5 a2 52. Bxa2 Kxb7 53. Kf3 1-0

[Event "USCL Week 2"]
[Site "Internet Chess Club"]
[Date "2015.09.01"]
[Round "?"]
[White "Rohde, Michael"]
[Black "Krush, Irina"]
[Result "1/2-1/2"]
[WhiteElo "2531"]
[BlackElo "2551"]
[PlyCount "110"]
[EventDate "2015.??.??"]

1. d4 Nf6 2. Nf3 d5 3. c4 e6 4. Nc3 Bb4 5. Qa4+ Nc6 6. e3 O-O 7. Qc2 dxc4 8.
Bxc4 a6 9. O-O Bd6 10. Rd1 Qe8 11. a3 e5 12. h3 h6 13. Nh4 Kh8 14. Nf5 Bxf5 15.
Qxf5 e4 16. Nd5 Ne7 17. Nxf6 Nxf5 18. Nxe8 Raxe8 19. Bd2 c6 20. Rac1 Ne7 21.
Ba5 Rc8 22. Bb6 Nd5 23. Bc5 Rcd8 24. Bxd5 cxd5 25. Bxd6 Rxd6 26. Rc7 f5 27.
Rxb7 Rc6 28. Rd2 f4 29. exf4 Rxf4 30. Re7 Rc1+ 31. Kh2 Rf1 32. Kg3 Rf6 33. Re5
Rg6+ 34. Kh2 Rf6 35. Rxd5 R6xf2 36. Rxf2 Rxf2 37. Re5 Rxb2 38. Rxe4 Rb3 39. a4
Rb4 40. a5 Ra4 41. Re5 Rxd4 42. Re6 Ra4 43. Rxa6 h5 44. Kg3 h4+ 45. Kf3 Kh7 46.
Ra8 Kg6 47. a6 Kg5 48. a7 Ra3+ 49. Ke4 Ra4+ 50. Kf3 Ra3+ 51. Ke4 Ra4+ 52. Ke3
Ra3+ 53. Ke4 Ra4+ 54. Ke3 Ra3+ 55. Ke4 Ra4+ 1/2-1/2

[Event "USCL Week 2"]
[Site "Internet Chess Club"]
[Date "2015.09.01"]
[Round "?"]
[White "Schroer, Jonathan"]
[Black "Pelaez, Jorge"]
[Result "1/2-1/2"]
[WhiteElo "2427"]
[BlackElo "2233"]
[PlyCount "96"]
[EventDate "2015.??.??"]

1. d4 d5 2. c4 e6 3. Nf3 Bb4+ 4. Bd2 Bxd2+ 5. Nbxd2 Nf6 6. g3 O-O 7. Bg2 Nbd7
8. O-O c5 9. Rc1 b6 10. cxd5 exd5 11. Re1 Re8 12. Qa4 Bb7 13. Nh4 g6 14. Nhf3
Ne4 15. e3 a6 16. Nxe4 dxe4 17. Nd2 Rc8 18. Nb3 b5 19. Qa5 c4 20. Qxd8 Rcxd8
21. Na5 Bd5 22. b3 Nb6 23. Bf1 cxb3 24. axb3 Rc8 25. Rc5 Rxc5 26. dxc5 Nd7 27.
Rd1 Nf6 28. b4 Rc8 29. Rd4 Rc7 30. Be2 Kf8 31. Bd1 Ke7 32. Kf1 Rd7 33. Ke1 h5
34. h4 Kd8 35. c6 Re7 36. g4 hxg4 37. Bxg4 Kc7 38. Bd7 Re5 39. Nb7 Nxd7 40.
cxd7 Kxd7 41. Nc5+ Kc6 42. Nxa6 Rh5 43. Kd2 Rxh4 44. Nb8+ Kd6 45. Nd7 Kxd7 46.
Rxd5+ Kc6 47. Rc5+ Kb6 48. Re5 Rg4 1/2-1/2

[Event "USCL Week 2"]
[Site "Internet Chess Club"]
[Date "2015.09.01"]
[Round "?"]
[White "Kim, Yoon-Young"]
[Black "Nakada, Akira"]
[Result "1-0"]
[WhiteElo "2240"]
[BlackElo "2035"]
[PlyCount "171"]
[EventDate "2015.??.??"]

1. d4 Nf6 2. c4 e6 3. g3 d5 4. Nf3 Be7 5. Bg2 O-O 6. O-O dxc4 7. Qa4 a6 8. Qxc4
b5 9. Qc2 Bb7 10. Bf4 Nc6 11. Rd1 Nb4 12. Qc1 Nbd5 13. Nbd2 Rc8 14. Nb3 Nxf4
15. Qxf4 Bd6 16. Qc1 Bd5 17. Nc5 Bxc5 18. dxc5 Qe7 19. b4 Rfd8 20. Qa3 Ra8 21.
Nd4 Bxg2 22. Kxg2 Qd7 23. Qa5 Qd5+ 24. Nf3 Qc6 25. Kg1 Nd5 26. Ne5 Qe8 27. Rd3
f6 28. Nf3 Qg6 29. Rad1 Qe4 30. Nd4 Nc3 31. f3 Qe5 32. Nc6 Rxd3 33. Rxd3 Qxe2
34. Rxc3 Qe1+ 35. Kg2 Qxc3 36. Qxc7 Qd2+ 37. Kh3 Qe2 38. Ne7+ Kh8 39. Nc8 Qf1+
40. Kg4 h5+ 41. Kxh5 Qxf3+ 42. Kg6 Qf5+ 43. Kf7 Qh5+ 44. Ke7 Qd5 45. Qd7 f5 46.
Qxd5 exd5 47. Nb6 Ra7+ 48. Kd8 d4 49. Nd5 d3 50. c6 d2 51. Ne3 Rf7 52. c7 Rf8+
53. Kd7 Rf7+ 54. Kd8 Rf8+ 55. Ke7 Kg8 56. Kd7 Rf7+ 57. Kc6 Rf8 58. Kb7 Kf7 59.
c8=Q Rxc8 60. Kxc8 Ke6 61. Kb7 Ke5 62. Kxa6 Kd4 63. Nd1 Kd3 64. Kxb5 Ke2 65.
Nb2 g5 66. a4 f4 67. a5 f3 68. a6 f2 69. a7 f1=Q 70. a8=Q Qf5+ 71. Ka4 Qc2+ 72.
Ka3 Qc3+ 73. Ka2 Qc2 74. Qg2+ Ke1 75. Qg1+ Ke2 76. Qb1 Qc3 77. Qe4+ Kf2 78.
Nd1+ Kf1 79. Nxc3 g4 80. Qe2+ Kg1 81. Qxd2 Kf1 82. b5 Kg1 83. b6 Kf1 84. b7 Kg1
85. b8=R Kh1 86. Rb1# 1-0

[Event "USCL Week 2"]
[Site "Internet Chess Club"]
[Date "2015.09.02"]
[Round "?"]
[White "Holt, Conrad"]
[Black "Stukopin, Andrey"]
[Result "1/2-1/2"]
[WhiteElo "2615"]
[BlackElo "2682"]
[PlyCount "38"]
[EventDate "2015.??.??"]

1. d4 d5 2. c4 dxc4 3. Nf3 Nf6 4. Nc3 e6 5. e4 Bb4 6. Bg5 c5 7. e5 cxd4 8. Qa4+
Nc6 9. O-O-O Bd7 10. Ne4 Be7 11. exf6 gxf6 12. Bh4 Na5 13. Qc2 e5 14. Kb1 Be6
15. Qa4+ Bd7 16. Qc2 Be6 17. Qa4+ Bd7 18. Qc2 Be6 19. Qa4+ Bd7 1/2-1/2

[Event "USCL Week 2"]
[Site "Internet Chess Club"]
[Date "2015.09.02"]
[Round "?"]
[White "Brodsky, David"]
[Black "Francisco, Richard"]
[Result "0-1"]
[WhiteElo "2317"]
[BlackElo "2391"]
[PlyCount "60"]
[EventDate "2015.??.??"]

1. e4 e5 2. Nf3 Nc6 3. Bb5 a6 4. Ba4 Nf6 5. d3 d6 6. c4 g6 7. Nc3 Bg7 8. Nd5
Bd7 9. O-O Nxd5 10. cxd5 Ne7 11. Bxd7+ Qxd7 12. Be3 c6 13. dxc6 Nxc6 14. d4
exd4 15. Nxd4 O-O 16. f3 Ne5 17. Qb3 Rac8 18. Rfd1 Nc4 19. Bf2 Rfd8 20. Rab1 d5
21. Bh4 dxe4 22. Ne2 Nd2 23. Bxd8 exf3 24. Qe3 Qg4 25. Qg5 f2+ 26. Kh1 Qxe2 27.
Qe7 Qxe7 28. Bxe7 Nxb1 29. Rxb1 Bxb2 30. Bh4 Rc2 0-1

[Event "USCL Week 2"]
[Site "Internet Chess Club"]
[Date "2015.09.02"]
[Round "?"]
[White "Martinez, Leo"]
[Black "Salimbagat, Rico"]
[Result "0-1"]
[WhiteElo "2266"]
[BlackElo "2292"]
[PlyCount "70"]
[EventDate "2015.??.??"]

1. e4 e5 2. Nf3 Nc6 3. Bb5 f5 4. d3 Nf6 5. Be3 fxe4 6. dxe4 Nxe4 7. O-O Be7 8.
Re1 d6 9. Bc4 Nf6 10. Nc3 Na5 11. Bd3 O-O 12. b4 Nc6 13. b5 Na5 14. Qd2 b6 15.
Bg5 Bb7 16. Bxf6 Bxf6 17. Be4 Kh8 18. Bxb7 Nxb7 19. Qd5 Nc5 20. Ne4 a6 21. c4
axb5 22. cxb5 Ra4 23. Nfd2 Qa8 24. Qxa8 Rfxa8 25. Nc3 Ra3 26. Ndb1 R3a7 27. Nd2
e4 28. Rac1 Nd3 29. Ndxe4 Nxe1 30. Rxe1 Re8 31. Rc1 Bd4 32. g3 d5 33. Ng5 h6
34. Nf3 Bc5 35. Rd1 Ra3 0-1

[Event "USCL Week 2"]
[Site "Internet Chess Club"]
[Date "2015.09.02"]
[Round "?"]
[White "Malhotra, Akshay"]
[Black "Almeida, Alfonso"]
[Result "0-1"]
[WhiteElo "2255"]
[BlackElo "2406"]
[PlyCount "82"]
[EventDate "2015.??.??"]

1. d4 d5 2. c4 c6 3. Nf3 Nf6 4. e3 Bf5 5. Nc3 e6 6. Nh4 Be4 7. f3 Bg6 8. Qb3
Qb6 9. Nxg6 hxg6 10. Qxb6 axb6 11. Kf2 Nbd7 12. Bd3 Bd6 13. g3 Ke7 14. e4 dxe4
15. Nxe4 Nxe4+ 16. Bxe4 e5 17. d5 f5 18. Bg5+ Nf6 19. Bc2 Bc5+ 20. Kg2 cxd5 21.
cxd5 Bd4 22. Bb3 Bxb2 23. Rad1 Kd6 24. Bxf6 gxf6 25. Rhe1 Rh7 26. Re2 Ba3 27.
Rc2 Rah8 28. Rh1 Bc5 29. Re2 Bd4 30. Rc2 f4 31. gxf4 exf4 32. Re2 Be3 33. Bc2
Rh5 34. Kf1 R8h6 35. Bb3 f5 36. Kg2 Rg5+ 37. Kf1 Rh3 38. Ke1 Rxf3 39. h4 Rg4
40. Reh2 Rfg3 41. h5 f3 0-1

[Event "USCL Week 2"]
[Site "Internet Chess Club"]
[Date "2015.09.02"]
[Round "?"]
[White "Paragua, Mark"]
[Black "Gurevich, Daniel"]
[Result "1-0"]
[WhiteElo "2638"]
[BlackElo "2449"]
[PlyCount "85"]
[EventDate "2015.??.??"]

1. e4 c6 2. d4 d5 3. e5 Bf5 4. Nd2 e6 5. Nb3 Nd7 6. Nf3 Ne7 7. Be3 h6 8. Be2 g5
9. O-O Bg7 10. Ne1 c5 11. c3 O-O 12. f4 gxf4 13. Bxf4 c4 14. Nd2 Qb6 15. Qc1
Nxe5 16. Ndf3 Nxf3+ 17. Nxf3 Kh7 18. Ne5 Rad8 19. b3 cxb3 20. axb3 Ng6 21. Be3
Nxe5 22. dxe5 Qxb3 23. Rxf5 d4 24. Rb1 Qd5 25. cxd4 exf5 26. Bd3 Kh8 27. Qf1 f4
28. Qxf4 f5 29. Bxf5 Rc8 30. Qg4 Rc3 31. Be4 Qf7 32. Qg3 Qh5 33. Re1 Qf7 34. d5
Qh5 35. e6 Be5 36. e7 Rg8 37. Bg6 Bxg3 38. Bd4+ Be5 39. Bxe5+ Qxe5 40. Rxe5 Kg7
41. e8=Q Rc1+ 42. Kf2 Rxe8 43. Bxe8 1-0

[Event "USCL Week 2"]
[Site "Internet Chess Club"]
[Date "2015.09.02"]
[Round "?"]
[White "Aaron, Deepak"]
[Black "Checa, Nicolas"]
[Result "0-1"]
[WhiteElo "2416"]
[BlackElo "2436"]
[PlyCount "120"]
[EventDate "2015.??.??"]

1. e4 e6 2. d4 d5 3. Nc3 Bb4 4. Nge2 dxe4 5. a3 Bxc3+ 6. Nxc3 Nc6 7. Bb5 Nge7
8. Bg5 f6 9. Be3 O-O 10. Qd2 f5 11. O-O-O Nd5 12. Nxd5 Qxd5 13. c4 Qd8 14. Bg5
Qe8 15. Bf4 a6 16. Ba4 b5 17. Bb3 Ne7 18. c5 Qd7 19. g4 Bb7 20. gxf5 Nxf5 21.
Be5 Bd5 22. Bc2 Nh4 23. Qe2 Nf3 24. Bxe4 Nxe5 25. dxe5 Qc6 26. Bxd5 Qxc5+ 27.
Kb1 exd5 28. Rd2 d4 29. Rc1 Qb6 30. Qe4 Rad8 31. f4 c5 32. f5 Qa7 33. Rg1 Kh8
34. Rg3 Qf7 35. Rf2 Qd5 36. Qf4 d3 37. f6 gxf6 38. Qh6 Rf7 39. Qd2 Qxe5 40. Re3
Qd6 41. h4 c4 42. Re1 Re7 43. Ref1 Re2 44. Rxe2 dxe2 45. Qxe2 Qd3+ 46. Qxd3
cxd3 47. Kc1 d2+ 48. Kd1 Kg7 49. Rf5 Kg6 50. Rc5 f5 51. Rc6+ Kh5 52. Rxa6 Kg4
53. Rb6 f4 54. Rxb5 f3 55. Rb7 Rf8 56. Rg7+ Kh3 57. Rg1 f2 58. Rf1 Kg2 59.
Rxf2+ Rxf2 60. b4 Kf3 0-1

[Event "USCL Week 2"]
[Site "Internet Chess Club"]
[Date "2015.09.02"]
[Round "?"]
[White "Liu, Elliott"]
[Black "Karlow, Nick"]
[Result "1-0"]
[WhiteElo "2329"]
[BlackElo "2251"]
[PlyCount "61"]
[EventDate "2015.??.??"]

1. Nf3 Nf6 2. c4 g6 3. Nc3 Bg7 4. e4 O-O 5. d4 d6 6. Be2 e5 7. O-O Nc6 8. d5
Ne7 9. Ne1 Nd7 10. Bd2 f5 11. Nd3 Nf6 12. f3 f4 13. c5 g5 14. Rc1 Ng6 15. Nb5
Rf7 16. Ba5 b6 17. cxd6 cxd6 18. Bb4 Bf8 19. Rc6 g4 20. Nxd6 Bxd6 21. Bxd6 g3
22. Nxe5 Nxe5 23. Bxe5 gxh2+ 24. Kxh2 Nh5 25. Bc4 Bd7 26. Bc3 b5 27. Bxb5 Ng3
28. Qd4 Qh4+ 29. Kg1 Qh1+ 30. Kf2 Nxe4+ 31. fxe4 1-0

[Event "USCL Week 2"]
[Site "Internet Chess Club"]
[Date "2015.09.02"]
[Round "?"]
[White "Hobosyan, Mkhitar"]
[Black "Metpally, Jason"]
[Result "0-1"]
[WhiteElo "1930"]
[BlackElo "2085"]
[PlyCount "86"]
[EventDate "2015.??.??"]

1. d4 e6 2. Nf3 Nf6 3. Bf4 d5 4. e3 Bd6 5. Bg3 O-O 6. Bd3 c5 7. c3 Nc6 8. Nbd2
b6 9. Qe2 cxd4 10. exd4 Bb7 11. Ne5 Bxe5 12. Bxe5 Nxe5 13. dxe5 Nd7 14. f4 Nc5
15. Nf3 h6 16. O-O-O Qc7 17. Rhg1 Rfc8 18. g4 b5 19. g5 Qa5 20. a3 Ne4 21. Bxe4
dxe4 22. Nd2 b4 23. axb4 Qxb4 24. Nb1 Bd5 25. gxh6 g6 26. h4 Kh7 27. h5 Qa5 28.
hxg6+ fxg6 29. Rg3 Rab8 30. Rdg1 Qa1 31. Qc2 Bc4 32. R1g2 Rg8 33. b4 Bd3 34.
Qb2 Qa6 35. Nd2 Qb6 36. Nb3 Rbc8 37. Nc5 Qc6 38. Kd2 Rgd8 39. Nxd3 Rxd3+ 40.
Rxd3 exd3 41. Kxd3 Qf3+ 42. Kd4 Rd8+ 43. Kc4 Qd5# 0-1